00688nam a22001937a 4500999001900000005001700019010001500036020002600051035001400077037001300091082001300104100001500117245004900132260003600181270010500217300002100322942002700343952012400370 c187826d18782620220429162858.0 aENG-132478 a9789387234017c100.00 aEN-116010 bDBAD/PUB a613.0432 aRaju, C.S. aTips for Kids' Health and Safety/cC.S. Raju aChennaibCoral Publishersc2017 aNo. 8, 6th Cross, 8th Main Road, Vaishnavi NagarbThirumullaivoyale600109mcoralbooks2016@gmail.com a104p.c22cm(pbk) 2ddccENh613.0432mRAJ 001040718NFICaDBADbMd2022-04-29eDBAD/PUBg100.00l0o613.0432 RAJpEN-116010r2022-04-29 00:00:00t1v100.00yEN